| 000 | 00838nam a22001937a 4500 | ||
|---|---|---|---|
| 999 |
_c59500 _d59500 |
||
| 003 | Ge_BSU | ||
| 005 | 20230301124907.0 | ||
| 008 | 230301s1996 ge ||||| |||| 00| 0 geo d | ||
| 041 | _ageo | ||
| 080 | _a347.61/64(479.22)(09) ნ-15 | ||
| 100 |
_aნადარეიშვილი, გიორგი _917090 |
||
| 245 |
_aძველი ქართული საოჯახო სამართალი / _c გიორგი ნადარეიშვილი. |
||
| 264 |
_aთბილისი : _bსამთავისი, _c1996. |
||
| 300 |
_a295 გვ. ; _b20 სმ. |
||
| 501 | _aშენიშვნები: გვ. 282-292. | ||
| 653 | _aქართული საოჯახო სამართალი. | ||
| 700 |
_aზოიძე, ბ. _eრედაქტორი _96410 |
||
| 942 |
_2udc _cBK |
||